000 00809nam a2200241Ia 4500
003 OSt
005 20220923211100.0
006 a|||||r|||| 00| 0
007 ta
008 Pun
020 _a8178561611 (hbk)
_c160
024 _a243,932
037 _b329, 08/10/2010, H.K. Prakashan
_cTextual
040 _aARTS
_cARTS
_bPun
041 _2Pun
_aPun
082 _aQ8441xJ63:g, 153P6
100 _aਬ੍ਰਰਮਜਗਦੀF ਸਿੰਘ
_9157980
245 0 _aਬਾਵਲ ਅਖਰੀ ਤੇ ਬਾਰਹਮਾਹਾ ਮਾਂਝ
260 _aਅੰਮ੍ਰਿਤਸਰ
_b ਵਾਰਿਸ Fਾਹ
_c2006
300 _a144ਪੰ
_ccm.
942 _hQ8441xJ63:g, 153P6
_cTEXL
_2CC
999 _c294958
_d294958